| 000 | 00391nam a22001577a 4500 | ||
|---|---|---|---|
| 003 | OSt | ||
| 008 | 220825b |||||||| |||| 00| 0 eng d | ||
| 020 | _a9788176384186 | ||
| 082 |
_a621.6 _bJAY/KA |
||
| 100 | _aJayan P.R | ||
| 245 | _aKarshika pampusettukal | ||
| 250 | _a1st | ||
| 260 |
_aThirivananthapuram _bState institutes of languages _c2013 |
||
| 300 |
_a168 _bmalayalam |
||
| 942 | _cBK | ||
| 999 |
_c17538 _d17538 |
||